000 00537nam a2200217Ia 4500
008 101110s9999 xx 000 0 und d
041 _aENGLISH
082 _bSR32771
100 _aBhattacharya Ira, Rao Leena & etc.
245 _aOrganic chemistry FYBSC
260 _c2008
_bSheth Prakashan, Mumbai
300 _a214
365 _b85
520 _aChemistry
546 _aENGLISH
630 _aOrganic chemistry FYBSC
650 _aChemistry
655 _aChemistry
730 _aOrganic chemistry FYBSC
942 _cBOOK
999 _c825272
_d825269